La "Rebelión Tepehuana" ¿Una de las Primeras Luchas Campesinas en Durango? /

Sparad:
Bibliografiska uppgifter
Huvudupphov: Quiñónez Ríos, Beatriz (autor)
Materialtyp: Bok
Språk:spanska
Utgiven: Durango, México : Universidad Juárez del Estado de Durango, 1983
Ämnen:
Taggar: Lägg till en tagg
Inga taggar, Lägg till första taggen!

MARC

LEADER 00000nam^a2200000^a^4500
001 000016380
005 20250521000000.0
009 20260310084059.537
037 |a Acervo ITESO - Biblioteca 
041 |a ESP 
082 |a 972. 154  |b QUI 
100 |a Quiñónez Ríos, Beatriz  |e (autor) 
245 1 3 |a La "Rebelión Tepehuana" ¿Una de las Primeras Luchas Campesinas en Durango? /  |c B. Quiñones Rios 
264 1 |a Durango, México :  |b Universidad Juárez del Estado de Durango,  |c 1983 
300 |a 57 p. 
336 |a texto  |b txt  |2 rdacontenido 
337 |a sin mediación  |b n  |2 rdamedio 
338 |a volumen  |b nc  |2 rdasoporte 
649 |a XX 
650 |a Tepehuanes 
650 |a Durango -  |x Historia 
910 |a Fondo General 
920 |a Impresos - Libros 
930 |a Colección General 
905 |a 101 
901 |a 0163800100  |b IT1  |c ACC  |i 016380  |u 20250521 
901 |a 0163800200  |b IT1  |c ACC  |i 906412  |u 20250521 
902 |a https://opac.biblio.iteso.mx/vufind/Record/000016380